000 00548cam a2200169 4500
005 20210527112458.0
008 210527b mx ||||| |||| 00| 0 spa d
050 0 4 _aJL1261.A5
_bS46 1998
110 2 _aH. Cámara de Senadores
245 0 0 _aSemblanza curricular
_b: LVII Legislatura
_c/ H. Camara de Senadores.
250 _a1a. ed.
260 _aMéxico :
_bH. Camara de Senadores,
_c1998
300 _a374 p. :
_bil. ;
_c22 cm.
500 _aIncluye índice
650 7 _2lemb.
_aCuerpos legislativos
_xBiografía
_zMéxico
942 _2lcc
_cLIB
999 _c98542
_d98542